Southville International School and Colleges
Your cart is empty.
  • Cart
  • Lists
    Public lists Eva Luna New books Lux_list list_1
    Your lists Log in to create your own lists
  • Log in to your account
  • Your cookies
  • Search history
Southville International School and Colleges
  • Advanced search
  • Recent comments
  • Most popular
  • Libraries

Log in to your account

Log in with GOOGLE


If you do not have an external account, but do have a local account, you can still log in:

  1. Home
  2. MARC view: Hajimemashou : learn basic japanese
Normal view MARC view ISBD view

Hajimemashou : learn basic japanese (Record no. 365159)

[ view plain ]
MARC details
000 -LEADER
fixed length control field 00558nam a22001937a 4500
003 - CONTROL NUMBER IDENTIFIER
control field 0
005 - DATE AND TIME OF LATEST TRANSACTION
control field 20230817102325.0
008 - FIXED-LENGTH DATA ELEMENTS--GENERAL INFORMATION
fixed length control field 230817b xxu||||| |||| 00| 0 eng d
020 ## - INTERNATIONAL STANDARD BOOK NUMBER
International Standard Book Number 978-971-9655-02-2
050 ## - LIBRARY OF CONGRESS CALL NUMBER
Classification number PL 539.5
Item number .R43 2022
100 ## - MAIN ENTRY--PERSONAL NAME
Personal name Rea-Dafun, Marjorie
245 ## - TITLE STATEMENT
Title Hajimemashou : learn basic japanese
Statement of responsibility, etc Marjorie Rea-Dafun
260 ## - PUBLICATION, DISTRIBUTION, ETC. (IMPRINT)
Place of publication, distribution, etc Manila
Name of publisher, distributor, etc Mindshapers Co., Inc.
Date of publication, distribution, etc c2022.
300 ## - PHYSICAL DESCRIPTION
Extent xii, 208 pages ;
Dimensions 23cm.
500 ## - GENERAL NOTE
General note Basic Japanese.
504 ## - BIBLIOGRAPHY, ETC. NOTE
Bibliography, etc Includes bibliography.
650 ## - SUBJECT ADDED ENTRY--TOPICAL TERM
Topical term or geographic name as entry element Basic Japanese.
942 ## - ADDED ENTRY ELEMENTS (KOHA)
Source of classification or shelving scheme Library of Congress Classification
Koha item type Books
Holdings
Withdrawn status Lost status Source of classification or shelving scheme Damaged status Home library Current library Shelving location Date acquired Source of acquisition Sub Shelving location Total Checkouts Total Renewals Full call number Barcode Date last seen Date checked out Price effective from Koha item type
    Library of Congress Classification   College Library College Library Filipiniana Section 08/17/2023 Library Fund   1 5 PL 539.5 .R43 2022 C22883 07/04/2024 02/13/2024 08/17/2023 Books

Hajimemashou : learn basic japanese

APA

Rea-Dafun M., . (2022). Hajimemashou : learn basic japanese. Manila: Mindshapers Co., Inc.

Chicago

Rea-Dafun Marjorie, . 2022. Hajimemashou : learn basic japanese. Manila: Mindshapers Co., Inc.

Harvard

Rea-Dafun M., . (2022). Hajimemashou : learn basic japanese. Manila: Mindshapers Co., Inc.

MLA

Rea-Dafun Marjorie, . Hajimemashou : learn basic japanese. Manila: Mindshapers Co., Inc. 2022.

  • Place hold
  • Print
  • Cite
  • Add to your cart (remove)
  • Save record
    BIBTEX Dublin Core MARCXML MARC (non-Unicode/MARC-8) MARC (Unicode/UTF-8) MARC (Unicode/UTF-8, Standard) MODS (XML) RIS
  • More searches
    Search for this title in:
    Other Libraries (WorldCat) Other Databases (Google Scholar) Online Stores (Bookfinder.com) Open Library (openlibrary.org)

Exporting to Dublin Core...

SOUTHVILLE LIBRARY

Southville International School and Colleges Library

1281 Tropical Ave. Cor. Luxembourg St., BF Homes International, Las Pinas City

Tel. No. 8256374 / 252358 Loc. 117/146

Powered by Koha